| 000 | 02012nam0a2200409 4500 | ||
|---|---|---|---|
| 001 | RU\NLR\bibl\338435 | ||
| 005 | 20260607044848.0 | ||
| 010 |
_a5-85716-398-6 _9100 |
||
| 020 |
_aRU _b02-6780767807 _9Книжная летопись |
||
| 021 |
_aRU _b2002-39534 _91929 |
||
| 035 | _a(NLR Aleph) 000333324 | ||
| 090 |
_a170661 _c170661 |
||
| 100 | _a20021104d2001 |||y0rusy50 ca | ||
| 101 | 0 | _arus | |
| 102 | _aRU | ||
| 105 | _aa ||||||||| | ||
| 200 | 1 |
_aМатериалы I региональной конференции "Адаптация биологических систем к естественным и экстремальным факторам среды" (12-14 марта 2001 г.) _f[Редкол.: Д.З. Шибкова (отв. ред.) и др.] |
|
| 210 |
_aЧелябинск _cИзд-во ЧГПУ _d2001 |
||
| 215 |
_a149 с. _cил. _d21 |
||
| 300 | _aВ надзаг.: М-во образования Рос. Федерации, Челяб. гос. пед. ун-т | ||
| 320 | _aБиблиогр. в конце докл. | ||
| 606 | 0 |
_aАдаптация _jСъезды, совещания и т.п. _9905380 _3RU\NLR\auth\669924 |
|
| 610 | 0 | _aАдаптация к экстремальным условиям - Физиологические основы | |
| 675 |
_a577.346(082) _v3 _zrus |
||
| 686 |
_a31.27 _2rugasnti |
||
| 686 |
_a28.071 _2rubbk |
||
| 686 | _aР731.5я431(2) | ||
| 686 | _aЕ081.2я431(2) | ||
| 702 | 1 |
_4340 _7ca _8rus _aШибкова _bД. З. _f1949- _gДарья Захаровна _97400 _3RU\NLR\auth\7724349 |
|
| 710 | 1 | 2 |
_a"Адаптация биологических систем к естественным и экстремальным факторам среды", региональная конф. _d1 _eЧелябинск _f2001 _9583036 _3RU\NLR\AUTH\8810041839 |
| 801 | 0 |
_aRU _bRKP _c20021104 _gPSBO |
|
| 801 | 1 |
_aRU _bRKP _c20021104 |
|
| 801 | 2 |
_aRU _bNLR _c20071019 _grcr |
|
| 942 | _cBOOK | ||
| 980 | _aNB | ||